NCAA Tournament Appearances A-Z Quiz Stats

 Plays Quiz Updated Nov 11, 2016

Challenge
Share
Tweet
Embed
Score 0/24 Timer 05:00
2 Plays Today
Letter Team % Correct
DDuke
93.8%
KKentucky
93.4%
NNorth Carolina
88.4%
XXavier
84.1%
IIndiana
82.1%
AArizona
80.8%
UUCLA
78.8%
TTexas
75.4%
FFlorida
74.7%
LLouisville
73.2%
GGeorgetown
70.2%
SSyracuse
67.2%
Letter Team % Correct
OOklahoma
64.7%
PPurdue/Pitt
63.7%
VVillanova
61.4%
CConnecticut
59.5%
YYale
56.1%
WWest Virginia
45.7%
BBYU
34.4%
JJacksonville/James Madison
33.3%
MMarquette
30.2%
HHouston
27.4%
RRichmond
15.6%
EEast Tennessee State
5.5%

You're not logged in!

Compare scores with friends on all Sporcle quizzes.
Join for Free
OR
Log In

You Might Also Like...

Show Comments

Extras

Top Quizzes Today


Score Distribution

Your Account Isn't Verified!

In order to create a playlist on Sporcle, you need to verify the email address you used during registration. Go to your Sporcle Settings to finish the process.

Report this User

Report this user for behavior that violates our Community Guidelines.

Details: